000 00802nam a22001337a 4500
040 _cRUA
082 _aAVM NEA 2009 B089 Or.1
100 _aNEANG, SAMPHAN.
245 _aEffect of king grass silage and urea treated rice straw on growing local cattle at royal university of agriculture (ឥទ្ធិពលនៃការប្រើប្រាស់ស្មៅស្ដេចផ្អាប់និងចំបើងផ្អាប់អ៊ុយរ៉េលើការលូតលាស់គោពូជក្នុងនៅសាកលវិទ្យាល័យភូមិន្ទកសិកម្ម)
260 _aPhnom Penh
_bRUA
_c2009
300 _aviii, 35p.
_bill.
_c29cm.
856 _uhttps://drive.google.com/file/d/1GPiGpRdDhq8Whb-qwTSrX60PC3Ru9ZwX/view?usp=sharing
942 _cAVM
999 _c2441
_d2441